Interpreting German : Advanced language skills
Saved in:
| Main Author: | |
|---|---|
| Format: | Book |
| Language: | Undetermined |
| Published: |
London
Routledge
2001
|
| Subjects: | |
| Tags: |
Add Tag
No Tags, Be the first to tag this record!
|
| Institutions: | Trung tâm Học liệu Trường Đại học Cần Thơ |
|---|
| LEADER | 00592nam a2200217Ia 4500 | ||
|---|---|---|---|
| 001 | CTU_103238 | ||
| 008 | 210402s9999 xx 000 0 und d | ||
| 020 | |c 98.3 | ||
| 082 | |a 438.3421 | ||
| 082 | |b B743t | ||
| 100 | |a Boser, Ursula | ||
| 245 | 0 | |a Interpreting German : | |
| 245 | 0 | |b Advanced language skills | |
| 245 | 0 | |c Ursula Boser | |
| 260 | |a London | ||
| 260 | |b Routledge | ||
| 260 | |c 2001 | ||
| 650 | |a German language,German language,German language | ||
| 650 | |x Spoken German,English,English | ||
| 904 | |i Truc | ||
| 980 | |a Trung tâm Học liệu Trường Đại học Cần Thơ | ||